| 000 | 00425nam a2200145Ia 4500 | ||
|---|---|---|---|
| 008 | 231129s1974||||xx |||||||||||||| ||spa|| | ||
| 020 | _a84-7232-237-8 | ||
| 040 | _bspa | ||
| 082 | _aE861.08 P372c | ||
| 100 | _aPedros Ramon | ||
| 245 | 0 | _aLos cuatro nocturnos y una lenta iluminacion cerca de Cherbourg | |
| 260 | _c1974 | ||
| 264 | _aEdiciones Cultura Hispanica | ||
| 942 |
_2ddc _cBKS |
||
| 999 |
_c19587 _d19587 |
||